01112nam a2200313Ic 450000100060000000300100000600500170001600700030003300800410003602000180007704000350009504100080013008200160013810000250015424500730017925000410025226400500029333600270034333700330037033800280040349000180043165000580044965000460050765000510055370000420060494200120064699900170065895201230067558819CO-BoRNBP20250828154044.0ta180109s9999 xx 000 0 und d a9789501109665 aCO-BoRNBPbspaerdacCO-BoRNBP aspa0 a591.77 R69a aRoyston, Angelaeaut10aAnimales marinos /c[Angela Royston] ; traducción de Olga Colella. aPrimera edición ; 8a reimpresión 1aBuenos Aires, Argentina :bSigmar;2013,c2013 atextobtxt2rdacontent asin mediaciónbn2rdamedia avolumenbnc2rdacarrier0 aAbre tus ojos07aAnimales Acuaticos - Habitos Y Conductas2lemb96406707aFauna Marina Enseñanza Elemental2lemb07aFauna Marina Habitos Y Conductas2lemb9640681 aColella, Olga, traductoraetrl964069 cBK2ddc c58819d58819 00102ddc40708INFaMECASARIbMECASARIcLITd2025-08-28l0oCGpMDA001428r2025-08-28 15:40:59tEj.1w2025-08-28yBK